| 000 | 00446cam a2200157 i 4500 | ||
|---|---|---|---|
| 020 | _a0126754020 (v. 2) | ||
| 040 | _cDLC | ||
| 082 | 0 | 0 | _a581 ACA 1990 A008 Or. |
| 245 | 0 | 4 |
_aThe Biochemistry of plants : _ba comprehensive treatise / |
| 260 |
_aNew York : _bAcademic Press, _c1980-<c1990 > |
||
| 300 |
_av. <1-16 > : _bill. ; _c25 cm. |
||
| 650 | 0 | _aBotanical chemistry. | |
| 700 | 1 | _aStumpf, Paul K. | |
| 700 | 1 | _aConn, Eric E. | |
| 942 | _cEK | ||
| 999 |
_c17131 _d17131 |
||